| 000 | 01147cad a22002295a 4500 | ||
|---|---|---|---|
| 001 | L150638 | ||
| 008 | 100805s2010 xxk f 000 0 eng d | ||
| 020 | _a9780717625826 | ||
| 035 | _a(Sirsi) u150638 | ||
| 041 | 0 | _aeng | |
| 110 | 2 |
_aGreat Britain _bHealth and Safety Executive |
|
| 245 | 0 | 0 |
_aWork with display screen equipment _bHealth and Safety (Display Screen Equipment) Regulations 1992 as amended by the Health and Safety (Miscellaneous Amendments) Regulations 2002, guidance on Regulations _h[electronic resource] |
| 250 | _a2nd ed. | ||
| 260 |
_aHSE _c2003 |
||
| 490 | 0 |
_aHSE Health and Safety Guidance _v(L26) |
|
| 520 | _aGives detailed and comprehensive guidance about work with display screen equipment or VDUs. It describes what to do to comply with the Health and Safety (Display Screen Equipment) Regulations 1992. (Web friendly version of L26). | ||
| 650 | 2 | 4 | _aHEALTH AND SAFETY (MISCELLANEOUS AMENDMENTS) REGULATIONS 2002 |
| 651 | 4 |
_aGreat Britain _y1707- |
|
| 690 |
_aHealth and safety _96244 |
||
| 856 | 4 | 0 |
_uhttps://www.hse.gov.uk/pubns/priced/l26.pdf _zView the guidance free of charge at www.hse.gov.uk |
| 942 | _n0 | ||
| 999 |
_c110931 _d110931 |
||